Countries Closest to England - Statistics

General Stats
  • This quiz has been taken 4,649 times
  • The average score is 15 of 20
Answer Stats
km Answer miles % Correct
170 Ireland 105
99%
33 France 21
98%
295 Germany 183
96%
133 Netherlands 82
95%
686 Spain 426
95%
80 Belgium 50
94%
545 Norway 339
92%
0 Scotland 0
92%
516 Denmark 321
91%
0 Wales 0
91%
337 Luxembourg 210
86%
574 Switzerland 357
83%
718 Austria 446
77%
715 Italy 444
77%
116 Northern Ireland 72
73%
732 Liechtenstein 455
62%
48 Isle of Man 30
44%
140 Jersey 87
36%
90 Guernsey 56
33%
677 Faroe Islands 421
28%
No matching quizzes found
Score Distribution
Percent of People with Each Score
Percentile by Number Answered
Your Score History
You have not taken this quiz